|
|
|
|
| LEADER |
00000nab a2200000 a 4500 |
| 001 |
vtls001014435 |
| 003 |
SK-MaSNL |
| 005 |
20260304022124.0 |
| 008 |
040720e19960326xo 0 slo |
| 035 |
|
|
|a SN389
|
| 040 |
|
|
|a SNSK
|b slo
|c SNSK
|e AACR2
|
| 041 |
0 |
|
|a slo
|
| 044 |
|
|
|a xo
|c SK
|
| 072 |
|
7 |
|a 67/68
|x Remeslá. Rôzne odvetvia priemyslu
|2 konspekt
|
| 080 |
|
|
|a 669
|2 1981
|
| 080 |
|
|
|a 943.76
|2 1981
|
| 100 |
1 |
|
|a Keselica, Dušan
|4 aut
|9 449999
|
| 245 |
1 |
0 |
|a Remeslá na strednom a južnom Spiši
|b Zvonolejárstvo
|
| 300 |
|
|
|b 1 foto
|
| 650 |
0 |
7 |
|a remeslá
|2 SNSK
|9 4998
|
| 650 |
0 |
7 |
|a zvonolejárstvo
|2 SNSK
|9 25646
|
| 650 |
0 |
7 |
|a dejiny
|2 SNSK
|9 3825
|
| 651 |
|
7 |
|a Spiš (Slovensko : región)
|2 SNSK
|9 17692
|
| 655 |
|
7 |
|a periodikum
|2 snkbucl
|9 29553
|
| 773 |
0 |
8 |
|t Spišský kuriér
|g Roč. 5, č.12, 26.3.1996, s. 4
|
| 852 |
|
|
|a ZVYKNI
|b KIS3GCP
|
| 999 |
|
|
|c 2609730
|d 2611660
|